El Pirineo y los sarrios : (Record no. 147754)

MARC details
000 -LEADER
campo de control de longitud fija 00736nam a2200229 i 4500
001 - NÚMERO DE CONTROL
campo de control 147754
003 - IDENTIFICADOR DE NÚMERO DE CONTROL
campo de control ES-MaACL
005 - FECHA Y HORA DE LA ÚLTIMA TRANSACCIÓN
campo de control 20230906202235.0
007 - CAMPO FIJO DE DESCRIPCIÓN FÍSICA--INFORMACIÓN GENERAL
campo de control de longitud fija t|
008 - DATOS DE LONGITUD FIJA--INFORMACIÓN GENERAL
campo de control de longitud fija 071005s1967 sp ||||1| spa d
080 ## - NÚMERO DE LA CLASIFICACIÓN DECIMAL UNIVERSAL
Número de la Clasificación Decimal Universal 799.2:639.111.1
080 ## - NÚMERO DE LA CLASIFICACIÓN DECIMAL UNIVERSAL
Número de la Clasificación Decimal Universal 914.6+914.4(234.1 Pirineos)
100 1# - ENTRADA PRINCIPAL--NOMBRE DE PERSONA
Nombre de persona Urquijo, Alfonso de.
9 (RLIN) 112204
245 13 - MENCIÓN DEL TÍTULO
Título El Pirineo y los sarrios :
Resto del título sinfonía cinegética /
Mención de responsabilidad, etc. Alfonso Urquijo ; ilustraciones de Francisco Andeyro.
260 ## - PUBLICACIÓN, DISTRIBUCIÓN, ETC.
Lugar de publicación, distribución, etc. Madrid :
Nombre del editor, distribuidor, etc. Taurus,
Fecha de publicación, distribución, etc. 1967.
300 ## - DESCRIPCIÓN FÍSICA
Extensión 356 p., 1 plano pleg. :
Otras características físicas il. ;
Dimensiones 24 cm.
650 #4 - PUNTO DE ACCESO ADICIONAL DE MATERIA--TÉRMINO DE MATERIA
Término de materia o nombre geográfico como elemento de entrada Rebecos-
Subdivisión general Caza.
9 (RLIN) 16691
651 #4 - PUNTO DE ACCESO ADICIONAL DE MATERIA--NOMBRE GEOGRÁFICO
Nombre geográfico Pirineos-
Subdivisión general Descripción.
9 (RLIN) 9233
700 1# - ENTRADA AGREGADA--NOMBRE PERSONAL
Nombre de persona Andeyro, Francisco.
9 (RLIN) 21481
852 4# - LOCALIZACIÓN
Ubicación ES-MaACL
Número de control de estantería C-34349
852 4# - LOCALIZACIÓN
Ubicación ES-MaACL
Número de control de estantería E-9710
Holdings
Estatus retirado Estado de pérdida Estado de daño No para préstamo Biblioteca de origen Biblioteca actual Ubicación en estantería Fecha de adquisición Fuente de adquisición Total de préstamos Signatura topográfica completa Código de barras Visto por última vez Precio de reemplazo Tipo de ítem Koha
        Biblioteca del Ateneo de Madrid Biblioteca del Ateneo de Madrid Depósito 2 17/01/2008     E-9710 1154197 23/02/2023 23/02/2023 Libro impreso
        Biblioteca del Ateneo de Madrid Biblioteca del Ateneo de Madrid Depósito 2 17/01/2008     C-34349 1154196 23/02/2023 23/02/2023 Libro impreso